Las diferencias, las identidades y los nuevos modelos de desarrollo /
Gespeichert in:
| 1. Verfasser: | |
|---|---|
| Format: | Buch |
| Sprache: | Spanish |
| Tags: |
Tag hinzufügen
Keine Tags, Fügen Sie den ersten Tag hinzu!
|
MARC
| LEADER | 00000nam a22000007a 4500 | ||
|---|---|---|---|
| 003 | cru CIDCACS/IIS | ||
| 005 | 20190208135341.0 | ||
| 007 | ta | ||
| 008 | 181031s2001 ve |||p|r||||||0| ||spa|d | ||
| 999 | |c 42166 |d 42166 | ||
| 040 | |c cru CIDCACS/IIS | ||
| 100 | 1 | |9 8315 |a Gutiérrez Briceño, Thais | |
| 245 | 1 | 4 | |a Las diferencias, las identidades y los nuevos modelos de desarrollo / |c Thais Gutiérrez Briceño |
| 300 | |a páginas 3-20 | ||
| 773 | 0 | |0 41855 |9 2645 |a Universidad del Zulia. |d Venezuela: Universidad del Zulia; Centro Experimental de Estudios Latinoamericanos "Dr. Gastón Parra Luzardo", |o 01860 |t Cuadernos Latinoamericanos / |x 13154176 | |
| 942 | |2 ddc |c PP | ||
